[Event "Pristina op"]
[Site "Pristina"]
[Date "2025.06.03"]
[Round "5"]
[White "Zurnaxhiu, Xheladin"]
[Black "Buzhala, Jakob"]
[Result "1-0"]
[WhiteElo "1993"]
[BlackElo "1592"]
[PlyCount "81"]
[EventDate "2025.05.31"]
[EventType "swiss"]
[EventRounds "9"]
[EventCountry "KOS"]
[SourceTitle "CB24_2025"]
[SourceDate "2025.06.11"]
[SourceVersion "1"]
[SourceVersionDate "2025.06.11"]
[SourceQuality "1"]

1. e4 c6 2. d4 d5 3. exd5 cxd5 4. c4 e6 5. Nc3 Nf6 6. Nf3 Nc6 7. Bg5 Be7 8. c5 a6 9. Bd3 0-0 10. h4 h6 11. Qd2 Ng4 12. Nh2 Nxh2 13. Rxh2 Bxg5 14. hxg5 Qxg5 15. Qxg5 hxg5 16. Bh7+ Kh8 17. 0-0-0 g6 18. Bxg6+ Kg7 19. Bc2 Rh8 20. Rxh8 Kxh8 21. Na4 Bd7 22. Nb6 Rd8 23. Ba4 Nb8 24. Bc2 Nc6 25. Ba4 Nb8 26. Bxd7 Nxd7 27. Nxd7 Rxd7 28. b4 b6 29. a4 b5 30. axb5 axb5 31. Kb2 Kg8 32. Ra1 Kf8 33. Ra6 Ke7 34. Rb6 f6 35. Rxb5 Rc7 36. Rb6 e5 37. Rd6 Rd7 38. Rxd7+ Kxd7 39. b5 e4 40. g4 Ke7 41. Kc2 1-0

[Event "Pristina op"]
[Site "Pristina"]
[Date "2025.06.02"]
[Round "9"]
[White "Buzhala, Jakob"]
[Black "Recica, Rron"]
[Result "1/2-1/2"]
[WhiteElo "1592"]
[BlackElo "1637"]
[PlyCount "22"]
[EventDate "2025.05.31"]
[EventType "swiss"]
[EventRounds "9"]
[EventCountry "KOS"]
[SourceTitle "CB24_2025"]
[SourceDate "2025.06.11"]
[SourceVersion "1"]
[SourceVersionDate "2025.06.11"]
[SourceQuality "1"]

1. e4 e5 2. Nf3 d6 3. Bb5+ Nc6 4. Bxc6+ bxc6 5. d3 Nf6 6. Bg5 h6 7. Bxf6 Qxf6 8. Nfd2 d5 9. Qf3 Qxf3 10. Nxf3 Bg4 11. Nbd2 Bxf3 1/2-1/2

[Event "Pristina Balkan op-B"]
[Site "Pristina"]
[Date "2024.06.18"]
[Round "7"]
[White "Saraci, Ndriqona"]
[Black "Buzhala, Jakob"]
[Result "1/2-1/2"]
[WhiteElo "1643"]
[BlackElo "1789"]
[PlyCount "82"]
[EventDate "2024.06.14"]
[EventType "swiss"]
[EventRounds "9"]
[EventCountry "KOS"]
[SourceTitle "CBM 221 Extra"]
[Source "ChessBase"]
[SourceDate "2024.09.30"]
[SourceVersion "1"]
[SourceVersionDate "2024.09.30"]
[SourceQuality "1"]

1. e4 c6 2. d4 d5 3. exd5 cxd5 4. Bd3 Nc6 5. c3 Nf6 6. Bf4 e6 7. Nd2 Bd6 8. Bxd6 Qxd6 9. Ngf3 0-0 10. 0-0 h6 11. Re1 Re8 12. Ne5 Bd7 13. Ndf3 Rad8 14. h3 Qc7 15. Qc2 a6 16. Nxc6 Bxc6 17. Ne5 b5 18. a3 Nd7 19. Bh7+ Kf8 20. Bd3 Nxe5 21. Rxe5 a5 22. Rae1 Rb8 23. Qe2 b4 24. axb4 axb4 25. Qf3 bxc3 26. bxc3 Rb3 27. Bc2 Ra3 28. Rxe6 Rxe6 29. Rxe6 Ra1+ 30. Bd1 Rxd1+ 31. Qxd1 fxe6 32. Qf3+ Ke7 33. Qg4 g5 34. Qh5 Qf4 35. Qxh6 Qf6 36. Qh7+ Qf7 37. Qh8 Qf4 38. Qh7+ Kd6 39. Qc2 e5 40. Qg6+ Kc7 41. Qg7+ Kd6 1/2-1/2